Sports Quiz

Random Sports or Basketball Quiz

NBA Teams per Length Quiz Stats

 Plays Quiz Updated Feb 25, 2019

     
Support Sporcle.
Go Orange.
Score 0/7 Timer 01:00
9 Plays Today
Characters Team Name % Correct
4Heat
96.2%
576ers
94.3%
7Celtics
93.9%
6Knicks
88.2%
12Timberwolves
76.4%
8Clippers
72.7%
9Cavaliers
71.1%

From the Vault

Find the Rock and Roll Hall of Fame Inductees (2010s)

by Noldeh

Music 4m
We'd like to extend a welcome to the newest members of the Rock and Roll Hall of Fame.
Remove Ads.
Support Sporcle.
Get the best of Sporcle when you Go Orange. This ad-free experience offers more features, more stats, and more fun while also helping to support Sporcle. Thank you for becoming a member.

Show Comments

Extras

Top Quizzes Today


Score Distribution

Your Account Isn't Verified!

In order to create a playlist on Sporcle, you need to verify the email address you used during registration. Go to your Sporcle Settings to finish the process.

Report this User

Report this user for behavior that violates our Community Guidelines.

Details: